000 01399nam0a2200361 4500
001 RU\NLR\bibl\1805924
005 20250616151944.0
010 _a978-5-317-03662-1
_950
021 _aRU
_b2011-61245
_94307
035 _a(nilc)RSL-KNO-004987901
035 _a(NLR Aleph) 001796568
090 _a1783888
_c1783888
100 _a20110809d2011 |||y0rusy50 ca
101 0 _arus
102 _aRU
105 _aa |||||||||
200 1 _aПерспектива в живописи глазами физиков
_eчетыре эссе о перспективе в ретроспективе живописных направлений, течений и стилей
_fГ.А. Шароянц, Е.Г. Шароянц
210 _aМосква
_cМАКС Пресс
_d2011
215 _a121, [1] с.
_cил.
_d21
320 _aБиблиогр. в конце кн.
606 1 _aПерспектива
_xв живописи
_91090606
_3RU\NLR\auth\66427731
686 _aЩ100.61,0
_2rubbk
686 _aЩ140.61
700 1 _aШароянц
_bГ. А.
_gГеннадий Арутюнович
_4070
701 1 _aШароянц
_bЕ. Г.
_gЕвгений Геннадьевич
_4070
801 0 _aRU
_bRuMoRKP
_c20110809
_grcr
801 1 _aRU
_bРГБ
_c20110809
801 2 _aRU
_bNLR
_c20110906
_grcr
830 _aавт. по кн.
942 _cBOOK
980 _aNB
980 _aNBR